Politics of crime and conflict (Record no. 765775)

MARC details
000 -LEADER
fixed length control field 00757nam a2200253Ia 4500
003 - CONTROL NUMBER IDENTIFIER
control field OSt
005 - DATE AND TIME OF LATEST TRANSACTION
control field 20220928121358.0
008 - FIXED-LENGTH DATA ELEMENTS--GENERAL INFORMATION
fixed length control field 220927b |||||||| |||| 00| 0 eng d
037 ## - SOURCE OF ACQUISITION
Terms of availability Textual
040 ## - CATALOGING SOURCE
Original cataloging agency SDCL
Transcribing agency SDCL
Language of cataloging eng
041 ## - LANGUAGE CODE
Source of code eng
Language code of text/sound track or separate title eng
100 ## - MAIN ENTRY--PERSONAL NAME
Personal name Gurr Ted Robert
9 (RLIN) 451749
245 #0 - TITLE STATEMENT
Title Politics of crime and conflict
Remainder of title A comparative history of four cities
260 ## - PUBLICATION, DISTRIBUTION, ETC.
Place of publication, distribution, etc. London
Name of publisher, distributor, etc. Sage Publications
Date of publication, distribution, etc. 1977
300 ## - PHYSICAL DESCRIPTION
Extent xii,792p.
Dimensions cm.
700 ## - ADDED ENTRY--PERSONAL NAME
Personal name Grabosky Peter N.
9 (RLIN) 451750
700 ## - ADDED ENTRY--PERSONAL NAME
Personal name Hula Richard C.
9 (RLIN) 451751
942 ## - ADDED ENTRY ELEMENTS (KOHA)
Classification part Z,5, L7
Koha item type Textual
Source of classification or shelving scheme Colon Classification (CC)
Holdings
Withdrawn status Lost status Damaged status Not for loan Home library Current library Date acquired Total Checkouts Full call number Barcode Date last seen Price effective from Koha item type
        South Campus Library South Campus Library 2022-09-28   Z,5 L7 SC0614659 2022-09-28 2022-09-28 Textual
Copyright @ Delhi University Library System